English Football Clubs to Symbols - Statistics

General Stats
  • This quiz has been taken 630 times
    512 since last reset
  • The average score is 12 of 17
Answers on the Map
Answers color-coded by a green-red scale on the quiz's map according to % correct below.
 
Answer Stats
Answer % Correct
Liverpool
99%
Arsenal
98%
West Ham United
98%
Wolverhampton Wanderers
98%
Manchester United
95%
Blackburn Rovers
86%
Everton
82%
Aston Villa
79%
Watford
71%
Sheffield United
70%
Luton Town
60%
Portsmouth
59%
Preston North End
52%
Cardiff City
47%
Norwich City
22%
Wigan Athletic
20%
Swindon Town
13%
No matching quizzes found
Score Distribution
Percent of People with Each Score
Percentile by Number Answered
Your Score History
You have not taken this quiz since the last reset